Ο διεθνής οργανισμός χρηματοδοτήσεως

Saved in:
Bibliographic Details
Corporate Author: Εμπορικό και Βιομηχανικό Επιμελητήριο Αθηνών
Format: Book
Language:Greek
Published: Αθήναι : [χ.ό], 1956.
Series:Οικονομική βιβλιοθήκη (Εμπορικό και Βιομηχανικό Επιμελητήριο Αθηνών)
Subjects:
Tags: Add Tag
No Tags, Be the first to tag this record!

MARC

LEADER 00000cam a2200000 i 4500
001 1/60592
008 141128s1956 gr | ||| |||| ||gre||
035 |l 10119899 
040 |a GR-MyUA  |b gre  |e AACR2 
041 0 |a gre 
082 0 |a 332.2  |2 (23) 
245 1 2 |a Ο διεθνής οργανισμός χρηματοδοτήσεως /   |c Εμπορικό και Βιομηχανικό Επιμελητήριο Αθηνών.  
260 |a Αθήναι :   |b [χ.ό],   |c 1956.  
300 |a 19 σ. ;   |c 24 εκ.  
490 1 |a (Οικονομική βιβλιοθήκη Εμπορικού & Βιομηχανικού Επιμελητηρίου Αθηνών)  
650 0 0 |a Financial institutions. 
651 0 |a Greece  |x Economic policy. 
710 2 |a Εμπορικό και Βιομηχανικό Επιμελητήριο Αθηνών. 
830 0 |a Οικονομική βιβλιοθήκη (Εμπορικό και Βιομηχανικό Επιμελητήριο Αθηνών) 
852 |a INST  |b SAMOS  |c PORFYRIADA  |e 20141128  |h 332.2 ΔΙΕ  |p 005300040839  |q 005300040839  |t NOLOAN  |y 23 
901 |a BIBL3-2014-3 
909 |a Σ  |b 185445 
970 |a ΣΙΤΖΙΜΗ  |b ΓΙΑΣΕΜΗ  |z 2014/11/28